Score 0/20 Timer 10:00
0 Plays Today
% Correct
University of Wisconsin
62.1%
Massachusetts Institute of Technology
44.8%
Princeton University
24.1%
Cornell University
20.7%
Georgetown University
20.7%
University of California, Berkeley
20.7%
University of Rochester
17.2%
University of Montana
17.2%
University of Mississippi
17.2%
Reed College
13.8%
% Correct
University of Iowa
10.3%
University of California Irvine
6.9%
Frostburg State University
6.9%
Alfred University
6.9%
Bowdoin College
6.9%
Indiana University
6.9%
Arizona State University
6.9%
Oregon State University
6.9%
Temple University
6.9%
Williams College
6.9%
Remove Ads.
Support Sporcle.
Get the best of Sporcle when you Go Orange. This ad-free experience offers more features, more stats, and more fun while also helping to support Sporcle. Thank you for becoming a member.

You're not logged in!

Compare scores with friends on all Sporcle quizzes.
OR
Log In

Sporcle TV

Today on Sporcle TV


Watch our educational content, quiz creation guides, and fun videos on Sporcle TV.

Show Comments

Extras

Top Quizzes Today


Score Distribution

Paid Content

Your Account Isn't Verified!

In order to create a playlist on Sporcle, you need to verify the email address you used during registration. Go to your Sporcle Settings to finish the process.

Report this User

Report this user for behavior that violates our Community Guidelines.

Details: